Tahar Ben Jelloun : (رقم التسجيلة. 133578)

تفاصيل مارك
000 -LEADER
fixed length control field 00912cam a2200265 a 4500
008 - FIXED-LENGTH DATA ELEMENTS--GENERAL INFORMATION
fixed length control field 081210s2008 fr b 001 0 fre
010 ## - LIBRARY OF CONGRESS CONTROL NUMBER
LC control number 2009405777
020 ## - INTERNATIONAL STANDARD BOOK NUMBER
International Standard Book Number 9782296068599
040 ## - CATALOGING SOURCE
Original cataloging agency DLC
Transcribing agency DLC
050 00 - LIBRARY OF CONGRESS CALL NUMBER
Classification number PQ3989.2.J4
Item number Z66 2008
092 04 - LOCALLY ASSIGNED DEWEY CALL NUMBER (OCLC)
Classification number 848.91409
Item number B4563f
Edition number 21
099 ## - LOCAL FREE-TEXT CALL NUMBER (OCLC)
Classification number 04
-- 848.91409 B4563f
100 1# - MAIN ENTRY--PERSONAL NAME
Personal name Farouk, May.
245 10 - TITLE STATEMENT
Title Tahar Ben Jelloun :
Remainder of title etude des enjeux râeflexifs dans l'œuvre /
Statement of responsibility, etc. May Farouk.
260 ## - PUBLICATION, DISTRIBUTION, ETC.
Place of publication, distribution, etc. Paris :
Name of publisher, distributor, etc. L'Harmattan,
Date of publication, distribution, etc. c2008.
300 ## - PHYSICAL DESCRIPTION
Extent 220 p. ;
Dimensions 22 cm.
490 0# - SERIES STATEMENT
Series statement Approches littâeraires
500 ## - GENERAL NOTE
General note "Version remaniee d'une these de Magistere soutenue a l'Universite du Caire en mai 2005"--P. 5.
504 ## - BIBLIOGRAPHY, ETC. NOTE
Bibliography, etc. note Includes bibliographical references (p. 202-214) and index.
600 10 - SUBJECT ADDED ENTRY--PERSONAL NAME
Personal name Ben Jelloun, Tahar,
Dates associated with a name 1944-
General subdivision Criticism and interpretation.
902 ## - LOCAL DATA ELEMENT B, LDB (RLIN)
No. of Items 1
905 ## - LOCAL DATA ELEMENT E, LDE (RLIN)
Cataloger Ibrahim
Reviser Rev
905 ## - LOCAL DATA ELEMENT E, LDE (RLIN)
Cataloger Jihan
Reviser Cat.
942 ## - ADDED ENTRY ELEMENTS (KOHA)
Source of classification or shelving scheme Dewey Decimal Classification
Koha item type Books
المقتنيات
Source of classification or shelving scheme Not for loan Home library Current library Date acquired Full call number Barcode Date last seen Koha item type
Dewey Decimal Classification   المكتبة المركزبة الجديدة - جامعة القاهرة قاعة الثقاقات الاجنبية - الدور الثالث 11.02.2024 848.91409 B4563f Fre. 01000110198208000 05.07.2024 Books
Cairo University Libraries Portal Implemented & Customized by: Eng. M. Mohamady Contacts: new-lib@cl.cu.edu.eg | cnul@cl.cu.edu.eg
CUCL logo CNUL logo
© All rights reserved — Cairo University Libraries
CUCL logo
Implemented & Customized by: Eng. M. Mohamady Contact: new-lib@cl.cu.edu.eg © All rights reserved — New Central Library
CNUL logo
Implemented & Customized by: Eng. M. Mohamady Contact: cnul@cl.cu.edu.eg © All rights reserved — Cairo National University Library